| 000 | 00824cam a22002651 4500 | ||
|---|---|---|---|
| 001 | 31542 | ||
| 003 | BD-RjUL | ||
| 005 | 20211209051720.0 | ||
| 008 | 140420r19461944mdua b 001 0 eng d | ||
| 035 | _a(BD-RjUL) 31630 | ||
| 040 |
_aDLC _cDLC _dDLC _dBD-RjUL _beng |
||
| 041 | _aeng | ||
| 082 | 0 | 0 |
_a151.2 _bWEM 1946 |
| 100 | 1 |
_aWechsler, David, _d1896- _996007 |
|
| 245 | 1 | 4 |
_aThe measurement of adult intelligence / _cby David Wechsler ... |
| 250 | _a3d ed. | ||
| 260 |
_aBaltimore : _bThe Williams & Wilkins company, _c1944 [Reprinted 1946] |
||
| 300 |
_avii, 258 p. : _bill. ; _c24 cm. |
||
| 500 | _a"First edition, April, 1939." | ||
| 504 | _aBibliography: p. 214-215. and Index | ||
| 650 | 0 |
_aWechsler Adult Intelligence Scale. _993393 |
|
| 942 |
_2ddc _cBK |
||
| 999 |
_c31542 _d31542 |
||